000 00380nam a2200157Ia 4500
008 221030s9999 xx 000 0 und d
020 _a0074603078
041 _aEnglish
082 _a105.23
_bRao
100 _aT. S. M. Rao
245 0 _aPower system Proteciton Static Relays
_cby T. S. M. Rao
260 _bTMH
_aNew Delhi
_c2001
300 _a723
650 _aEE
942 _cBK
999 _c2677
_d2677